Business statistics
Content of book provides the technology needed to create an environment where students can reach their full potential and experience the exhilaration of academic success.
Na minha lista:
| Autor principal: | |
|---|---|
| Formato: | Livro |
| Idioma: | Undetermined |
| Publicado em: |
Boston
Pearson
2014
|
| Assuntos: | |
| Tags: |
Adicionar Tag
Sem tags, seja o primeiro a adicionar uma tag!
|
| Thư viện lưu trữ: | Trung tâm Học liệu Trường Đại học Cần Thơ |
|---|
| LEADER | 00765nam a2200205Ia 4500 | ||
|---|---|---|---|
| 001 | CTU_181029 | ||
| 008 | 210402s9999 xx 000 0 und d | ||
| 020 | |c 1071000 | ||
| 082 | |a 519.5 | ||
| 082 | |b G874 | ||
| 100 | |a Groebner, David F. | ||
| 245 | 0 | |a Business statistics | |
| 245 | 0 | |c David F. Groebner, Pattrick W. Shannon, Philip C. Fry | |
| 260 | |a Boston | ||
| 260 | |b Pearson | ||
| 260 | |c 2014 | ||
| 520 | |a Content of book provides the technology needed to create an environment where students can reach their full potential and experience the exhilaration of academic success. | ||
| 650 | |a Commercial statistics,Statistical decision,Thống kê thương mại | ||
| 904 | |i Tuyến | ||
| 980 | |a Trung tâm Học liệu Trường Đại học Cần Thơ | ||